| 000 | 00568nam a2200205 4500 | ||
|---|---|---|---|
| 003 | OSt | ||
| 005 | 20240716074123.0 | ||
| 006 | a | ||
| 008 | 240716b |||||||| |||| 00| 0 eng d | ||
| 020 | _a0198542682 | ||
| 040 |
_aDWCL-Main lib. _cOC |
||
| 082 | _aCirc. 576.5 L672g 1990 | ||
| 100 | _aLewin, Benjamin | ||
| 245 | _aGenes IV / | ||
| 260 |
_aOxford: _bOxford University Press, _cc1990. |
||
| 300 |
_axxii, _b857 p. : ill. ; _c28 cm. |
||
| 504 | _aIncludes bibliographical references and index. | ||
| 650 | _a1. Genetics. | ||
| 942 |
_2ddc _n0 _cBK-CIRC _kCirc. |
||
| 999 |
_c2273 _d2273 |
||